000 00494nmm a2200145Ia 4500
008 251105s9999||||xx |||||||||||||||||und||
041 _aspa
100 _aBolinches, Antoni
245 0 _aEl secreto de la autoestima :
_b Cómo superar las inseguridades y ganar confianza en uno mismo
264 _a[Madrid, España] :
_bEdiciones B,
_c2015
300 _a178 páginas
650 _aSelf-help and personal development
856 _uhttps://public.digitaliapublishing.com/a/54255
942 _cCF
999 _c105349
_d105349